| 000 | 00355nam a2200145 a 4500 | ||
|---|---|---|---|
| 001 | 1350 | ||
| 003 | CDMR | ||
| 005 | 20130116135209.0 | ||
| 008 | 130130s1990||||||||||||||||||||||||||||d | ||
| 040 |
_aCDMR _bcat _cCPC GIRONA |
||
| 100 | 1 |
_aFabre, Jaume _9229 |
|
| 245 | 1 | 0 |
_aGirona, entre 4 rius _cFabre, Jaume |
| 260 |
_c1990 _bAjuntament de Girona |
||
| 942 | _cMON | ||
| 999 |
_c1350 _d1350 |
||